书目信息 |
| 题名: |
尼克松回忆录
|
|
| 作者: | Nixon , 尼克松 著 ;马兖生 译 | |
| 分册: | 下册 | |
| 出版信息: | 北京 商务印书馆 1979 |
|
| 页数: | 479页 | |
| 开本: | 20cm | |
| 丛书名: | ||
| 单 册: | ||
| 中图分类: | K817.121 | |
| 科图分类: | ||
| 主题词: | 传记 | |
| 电子资源: | ||
| ISBN: | ||
| 000 | 00764nam0 2200265 45 | |
| 001 | 0179007211 | |
| 005 | 20060810111320.62 | |
| 010 | @dCNY1.40 | |
| 091 | @a3017.238 | |
| 100 | @a19950725d1979 em y0chiy0121 ea | |
| 101 | 1 | @achi@ceng |
| 102 | @aCN@b110000 | |
| 105 | @ay z 000ya | |
| 200 | 10 | @a尼克松回忆录@Ani ke song hui yi lu@h下册@f(美)尼克松(R.Nixon)著@g马兖生等译 |
| 210 | @a北京@c商务印书馆@d1979 | |
| 215 | @a479页@d20cm | |
| 300 | @a书名原文:The memoirs of Richard Nixon | |
| 510 | 1 | @aThe memoirs of Richard Nixon@zeng |
| 606 | 0 | @a传记 |
| 690 | @aK817.121@v3 | |
| 701 | A1 | @aNixon@bR.@4著 |
| 701 | 1 | @a尼克松@Ani ke song@bR.@4著 |
| 702 | 0 | @a马兖生@Ama yan sheng@4译 |
| 801 | 0 | @aCN@bNLC@c20060810 |
| 905 | @f1@b10365@dK817.121@e15:3 | |
| 尼克松回忆录.下册/(美)尼克松(R.Nixon)著/马兖生等译.-北京:商务印书馆,1979 |
| 479页;20cm |
| 书名原文:The memoirs of Richard Nixon |
| ISBN :CNY1.40 |
| ● |
| 相关链接 |
|
|
|
|
正题名:尼克松回忆录
索取号:K817.121/15:3
 
预约/预借
| 序号 | 登录号 | 条形码 | 馆藏地/架位号 | 状态 | 备注 |
| 1 | 0010365 | 001914414 | 密集书库/ [索取号:K817.121/15:3] | 在馆 | |
| 2 | 0450598 | 204505981 | 密集书库/ [索取号:K817.121/15:3] | 在馆 |